000 00503nam a22002177a 4500
003 UA-OsUOA
001 65867
007 ta
008 20091214b un ||||| |||| 00| 0 ukr d
100 _aЛєсной В.
090 _a32
_bЛ54
942 _cSA
040 _aUA-OsUOA
_bukr
_cUA-OsUOA
_dUA-OsUOA
245 _aВажкий пік президентства Обами
300 _aС.4
955 _a0
041 _aukr
080 _a32
773 0 _w65866
650 7 _a32 Політика
_2UDC
999 _c352397
_d352397